Catálogo

HISTORIA UNIVERSAL EL SIGLO XIX-1 (Registro nro. 28902)

Detalles MARC
000 -LEADER
fixed length control field 00444nam a2200169 a 4500
001 - CONTROL NUMBER
control field 28902
005 - DATE AND TIME OF LATEST TRANSACTION
control field 20180713231850.0
008 - FIXED-LENGTH DATA ELEMENTS--GENERAL INFORMATION
fixed length control field 140415s1985 sp 000 0 spa d
020 ## - INTERNATIONAL STANDARD BOOK NUMBER
International Standard Book Number 8423944158
041 ## - LANGUAGE CODE
Language code of text/sound track or separate title spa
082 ## - DEWEY DECIMAL CLASSIFICATION NUMBER
Classification number 900.17
Item number BEN
100 1# - MAIN ENTRY--PERSONAL NAME
Personal name GOLO MANN, ALFRED HEUSS
245 10 - TITLE STATEMENT
Title HISTORIA UNIVERSAL EL SIGLO XIX-1
250 ## - EDITION STATEMENT
Edition statement 1a ed.
260 ## - PUBLICATION, DISTRIBUTION, ETC.
Place of publication, distribution, etc. ESPAÑA :
Name of publisher, distributor, etc. ESPASA-CALPE,
Date of publication, distribution, etc. 1985
300 ## - PHYSICAL DESCRIPTION
Extent 406
Dimensions 12 x 3 x 16
Existencias
Withdrawn status Lost status Source of classification or shelving scheme Damaged status Not for loan Collection code Home library Current library Shelving location Date acquired Source of acquisition Total Checkouts Full call number Barcode Date last seen Date last checked out Price effective from Koha item type
    Dewey Decimal Classification     General Tehuacán Tehuacán Sala general 03/12/2013 Compra   900.17 BEN 502674 08/01/2025 14/10/2016 03/12/2013 Libro